00385pab a2200133 454500008004000000100002700040245006800067260000900135300001500144362000800159650002300167700001800190773004300208180718b2014 xxu||||| |||| 00| 0 eng d aMurti, Ashutosh Bishnu aDeterminants of skill shortages in Indian firms: An exploration c2014 ap.439-455. aJan aSkills development aBino Paul G D aIndian Journal of Industrial Relations